Généraux/Grand généraux de Qin dans Kingdom - Statistiques

Statistiques générales
  • Ce quiz a été pris 69 fois
  • Le résultat moyen est 3 sur 10
Answers on the Grid
Answers color-coded by a green-red scale on the quiz's grid according to % correct below.
Ei sei
Kyou
Seikaun
Aisen
Shiryuu
Bajio
Hakuki
Maron
RIBOKU ???
Hakurei
Sou'ou
Kanou
Kyoukai
Reiou
Ri Shi
Gakuei
Yoko Yoko
Kouyoku
Choutou
Akakin
 
Statistiques - réponses
Réponse % Correct
Kyou
63%
Hakuki
39%
Kyoukai
37%
Akakin
34%
Bajio
27%
Choutou
27%
Kanou
24%
Sou'ou
22%
Aisen
17%
Yoko Yoko
10%
Aucun quiz correspondant
Distribution des résultats
% des personnes avec chaque résultat
Percentile par nombre de réponses
Votre historique - résultats
Vous n’avez pas pris ce quiz